Oldest quiz Stats

 Plays Quiz not verified by Sporcle

Challenge
Share
Tweet
Embed
Score 0/16 Timer 06:00
0 Plays Today
hint Answer % Correct
United StateDelaware
73.2%
Elected US PresidentRonald Reagan
61.8%
Batman Actor at the time of the movieMichael Keaton
43.1%
CountrySan Marino
30.9%
Winner of the PGA's The MastersJack Nicklaus
30.9%
Women with #1 single in USCher
26.8%
Super Bowl winning quarterbackJohn Elway
23.6%
MLB playerSatchel Paige
18.7%
hint Answer % Correct
Rolling Stones MemberCharlie Watts
17.1%
Division 1 Collegiate Sports ConferenceThe Big Ten
14.6%
Member of 'The Sopranos' familyCorrado Soprano
13.8%
NFL playerGeorge Blanda
10.6%
Recurring Spongebob Squarepants CharacterOld Man Jenkins
7.3%
United States RoadCumberland Highway
6.5%
Olympic Gold MedalistOscar Swahn
1.6%
Video game consoleJet X
1.6%

You're not logged in!

Compare scores with friends on all Sporcle quizzes.
Join for Free
OR
Log In

You Might Also Like...

Show Comments

Extras

Created Oct 29, 2009ReportNominate
Tags:old, person

Top Quizzes Today


Score Distribution

Your Account Isn't Verified!

In order to create a playlist on Sporcle, you need to verify the email address you used during registration. Go to your Sporcle Settings to finish the process.

Report this User

Report this user for behavior that violates our Community Guidelines.

Details: